[Event "Erbil zt 3.1"]
[Site "Erbil"]
[Date "2025.04.12"]
[Round "6"]
[White "Saeed, Abbas Kadhim"]
[Black "Satia, Dhari"]
[Result "1-0"]
[WhiteElo "1974"]
[BlackElo "1769"]
[PlyCount "55"]
[EventDate "2025.04.08"]
[EventType "swiss"]
[EventRounds "9"]
[EventCountry "IRQ"]
[SourceTitle "CB16_2025"]
[SourceDate "2025.04.16"]
[SourceVersion "1"]
[SourceVersionDate "2025.04.16"]
[SourceQuality "1"]

1. c4 d5 2. cxd5 c6 3. dxc6 Nxc6 4. g3 Nf6 5. Bg2 e5 6. Nc3 Bc5 7. Nf3 0-0 8. 0-0 Qe7 9. d3 Rd8 10. Bg5 h6 11. Bxf6 Qxf6 12. Ne4 Qe7 13. Nxc5 Qxc5 14. Qa4 Be6 15. Rac1 Qe7 16. a3 Rac8 17. b4 a6 18. Rc5 Bd7 19. Qc2 b6 20. Rc4 a5 21. Qb2 Be6 22. Rxc6 Rxc6 23. Nxe5 Rc7 24. Nc6 Rxc6 25. Bxc6 Rc8 26. Bf3 Qd7 27. bxa5 bxa5 28. h4 1-0

[Event "Erbil zt 3.1"]
[Site "Erbil"]
[Date "2025.04.11"]
[Round "5"]
[White "Isam, Niama"]
[Black "Saeed, Abbas Kadhim"]
[Result "0-1"]
[WhiteElo "1946"]
[BlackElo "1974"]
[PlyCount "35"]
[EventDate "2025.04.08"]
[EventType "swiss"]
[EventRounds "9"]
[EventCountry "IRQ"]
[SourceTitle "CB16_2025"]
[SourceDate "2025.04.16"]
[SourceVersion "1"]
[SourceVersionDate "2025.04.16"]
[SourceQuality "1"]

1. e4 d6 2. d4 Nf6 3. Nc3 g6 4. Be3 Ng4 5. Bg5 h6 6. Bf4 Bg7 7. f3 e5 8. dxe5 Nxe5 9. Qd2 g5 10. Bg3 Be6 11. h4 Nbd7 12. hxg5 hxg5 13. Rxh8+ Bxh8 14. Bd3 Nb6 15. b3 Qf6 16. Nge2 0-0-0 17. Bf2 c5 18. Rc1 0-1

[Event "Erbil zt 3.1"]
[Site "Erbil"]
[Date "2025.04.09"]
[Round "2"]
[White "Saeed, Abbas Kadhim"]
[Black "Abdul, Ameer Gated"]
[Result "1-0"]
[WhiteElo "1974"]
[BlackElo "1820"]
[PlyCount "40"]
[EventDate "2025.04.08"]
[EventType "swiss"]
[EventRounds "9"]
[EventCountry "IRQ"]
[SourceTitle "CB16_2025"]
[SourceDate "2025.04.16"]
[SourceVersion "1"]
[SourceVersionDate "2025.04.16"]
[SourceQuality "1"]

1. c4 e5 2. Nc3 c6 3. d4 exd4 4. Qxd4 Qf6 5. Qd3 Na6 6. Nf3 Nc5 7. Qc2 h6 8. b4 Ne6 9. c5 a5 10. Bb2 Qf4 11. Na4 axb4 12. Be5 b3 13. axb3 Qb4+ 14. Bc3 Qg4 15. Ne5 Qh5 16. g4 Qh4 17. h3 Qd8 18. b4 d6 19. cxd6 Bxd6 20. Nc5 Be7 1-0

[Event "Erbil zt 3.1"]
[Site "Erbil"]
[Date "2025.04.08"]
[Round "1"]
[White "Daneshvar, Bardiya"]
[Black "Saeed, Abbas Kadhim"]
[Result "1-0"]
[WhiteElo "2616"]
[BlackElo "1974"]
[PlyCount "67"]
[EventDate "2025.04.08"]
[EventType "swiss"]
[EventRounds "9"]
[EventCountry "IRQ"]
[SourceTitle "CB16_2025"]
[SourceDate "2025.04.16"]
[SourceVersion "1"]
[SourceVersionDate "2025.04.16"]
[SourceQuality "1"]

1. Nf3 e6 2. g3 f5 3. Bg2 Nf6 4. 0-0 d5 5. c4 c6 6. d3 Bd6 7. Nc3 dxc4 8. dxc4 0-0 9. e4 e5 10. Qb3 Qb6 11. Qc2 Na6 12. a3 Nxe4 13. Nxe4 fxe4 14. Ng5 h6 15. Nxe4 Bf5 16. b4 Be7 17. Bb2 Qc7 18. Qc3 Rfe8 19. Qe3 Bf8 20. Rad1 Qf7 21. c5 Nc7 22. Nd6 Bxd6 23. cxd6 Nd5 24. Qc5 Nb6 25. Ba1 Qb3 26. Rfe1 Bg4 27. Rb1 Qxa3 28. Rxe5 Qa2 29. Rbe1 Be6 30. Qd4 Qc4 31. Rxe6 Qxd4 32. Rxe8+ Rxe8 33. Rxe8+ Kf7 34. Re7+ 1-0

[Event "IRQ-ch"]
[Site "Baghdad"]
[Date "2022.08.27"]
[Round "6"]
[White "Saeed, Abbas Kadhim"]
[Black "Rasoul, Salman Jmoah"]
[Result "1-0"]
[WhiteElo "1918"]
[BlackElo "1942"]
[PlyCount "53"]
[EventDate "2022.08.24"]
[EventType "swiss"]
[EventRounds "9"]
[EventCountry "IRQ"]
[SourceTitle "CBM 210 Extra"]
[Source "ChessBase"]
[SourceDate "2022.11.30"]
[SourceVersion "1"]
[SourceVersionDate "2022.11.30"]
[SourceQuality "1"]

1. c4 Nf6 2. Nc3 g6 3. e4 d6 4. d4 Bg7 5. f4 0-0 6. Nf3 c5 7. d5 e6 8. dxe6 Bxe6 9. Bd3 Nc6 10. f5 Bc8 11. 0-0 Ng4 12. h3 Nge5 13. Nd5 Nxf3+ 14. Rxf3 Bd4+ 15. Kh1 Be5 16. Qe1 f6 17. Bh6 Rf7 18. Qh4 Ne7 19. Raf1 Nxd5 20. fxg6 hxg6 21. exd5 g5 22. Qh5 Rg7 23. Bxg7 Kxg7 24. Qg6+ Kf8 25. Rxf6+ Bxf6 26. Rxf6+ Ke7 27. Qf7# 1-0

[Event "Baghdad op 5th"]
[Site "Baghdad"]
[Date "2017.03.16"]
[Round "1"]
[White "Salih, Akar Ali Salih"]
[Black "Saeed, Abbas Kadhim"]
[Result "1-0"]
[WhiteElo "2278"]
[BlackElo "1858"]
[PlyCount "113"]
[EventDate "2017.03.16"]
[EventType "swiss"]
[EventRounds "9"]
[EventCountry "IRQ"]
[SourceTitle "CBM 177 Extra"]
[Source "ChessBase"]
[SourceDate "2017.04.27"]
[SourceVersion "1"]
[SourceVersionDate "2017.04.27"]
[SourceQuality "1"]

1. e4 e6 2. d4 d5 3. e5 c5 4. c3 Nc6 5. Nf3 Qb6 6. a3 c4 7. Nbd2 Na5 8. Be2 Be7 9. 0-0 Bd7 10. g3 Nh6 11. Ne1 Nf5 12. Ng2 0-0 13. f4 f6 14. Nf3 Nb3 15. Rb1 Be8 16. g4 Nh6 17. exf6 Bxf6 18. g5 Bg6 19. Be3 Ng4 20. gxf6 Rxf6 21. Ng5 Nxe3 22. Nxe3 Bxb1 23. Qxb1 Rg6 24. Qc2 Rd8 25. Bh5 Rh6 26. Bf7+ Kf8 27. Ng4 Rh4 28. Bxe6 Nxd4 29. cxd4 Qxd4+ 30. Qf2 Qxf2+ 31. Rxf2 Rd6 32. Nf3 Rh3 33. Kg2 Rh5 34. Nd4 b5 35. Re2 Rb6 36. Bd7 b4 37. Re8+ Kf7 38. Ne5+ Rxe5 39. Rxe5 c3 40. bxc3 bxa3 41. Be6+ Kf6 42. Bxd5 g5 43. Re6+ Rxe6 44. fxg5+ Kxg5 45. Bxe6 Kf4 46. Nc2 h6 47. Nxa3 Ke5 48. Bg8 Ke4 49. c4 a6 50. c5 Ke5 51. Nc4+ Kf6 52. c6 Ke7 53. Bd5 Kd8 54. Nb6 Kc7 55. Na8+ Kd6 56. c7 Kd7 57. Be6+ 1-0

[Event "Baghdad op 4th"]
[Site "Baghdad"]
[Date "2016.03.20"]
[Round "1"]
[White "Saeed, Abbas Kadhim"]
[Black "Ismael Namir, Mohammed Ismael"]
[Result "0-1"]
[WhiteElo "1933"]
[BlackElo "2169"]
[PlyCount "82"]
[EventDate "2016.03.20"]
[EventType "swiss"]
[EventRounds "9"]
[EventCountry "IRQ"]
[SourceTitle "EXT 2017"]
[Source "ChessBase"]
[SourceDate "2016.10.25"]
[SourceVersion "1"]
[SourceVersionDate "2016.10.25"]
[SourceQuality "1"]

1. c4 e5 2. Nc3 Nf6 3. Nf3 Nc6 4. g3 Bc5 5. Bg2 d6 6. d3 0-0 7. 0-0 h6 8. e3 a6 9. a3 Ba7 10. h3 Be6 11. b3 d5 12. Nd2 d4 13. exd4 Qxd4 14. Bb2 Qxd3 15. Nde4 Qxd1 16. Nxf6+ gxf6 17. Raxd1 Bd4 18. Na4 Bxb2 19. Nxb2 Na5 20. Rd3 f5 21. Na4 e4 22. Rc3 Rad8 23. f3 Rd3 24. fxe4 fxe4 25. Bxe4 Rxc3 26. Nxc3 Nxb3 27. Bxb7 Bxh3 28. Rf4 Nc5 29. Rh4 Nxb7 30. Rxh3 Kg7 31. Nd5 c5 32. Rh4 f5 33. Nc7 Kg6 34. Kf2 Nd6 35. Kf3 Rb8 36. Nxa6 Rb3+ 37. Kg2 Ne4 38. g4 f4 39. Rh3 Rb2+ 40. Kf1 Kg5 41. Nc7 Kxg4 0-1